[Event "Mittelrhein Regionalliga 18/19"]
[Site "Nordrheinwestfalen"]
[Date "2019.05.19"]
[Round "11.6"]
[White "Reckers, Sebastian"]
[Black "Schettler, Juergen"]
[Result "1/2-1/2"]
[WhiteElo "1836"]
[BlackElo "1943"]
[PlyCount "56"]
[EventDate "2018.10.28"]
[EventType "team-tourn"]
[EventRounds "11"]
[EventCountry "GER"]
[SourceTitle "EXT 2022"]
[Source "ChessBase"]
[SourceDate "2021.10.06"]
[SourceVersion "1"]
[SourceVersionDate "2021.10.06"]
[SourceQuality "1"]
[WhiteTeam "Euskirchen Turm"]
[BlackTeam "Alsdorf SVG"]
[WhiteTeamCountry "GER"]
[BlackTeamCountry "GER"]

1. e4 e6 2. d4 d5 3. e5 c5 4. c3 Nc6 5. Nf3 Qb6 6. a3 Bd7 7. b4 cxd4 8. cxd4 Rc8 9. Be3 Nh6 10. Bd3 Nf5 11. 0-0 Nxe3 12. fxe3 Be7 13. Nbd2 h6 14. Nb3 Qd8 15. Nc5 Bxc5 16. bxc5 0-0 17. Nd2 f5 18. exf6 Rxf6 19. Rxf6 Qxf6 20. Qg4 g5 21. h4 Qg7 22. hxg5 hxg5 23. Rb1 e5 24. Bf5 Bxf5 25. Qxf5 Rf8 26. Qe6+ Qf7 27. Qxf7+ Rxf7 28. Nf3 exd4 1/2-1/2

[Event "Mittelrhein Regionalliga 18/19"]
[Site "Nordrheinwestfalen"]
[Date "2019.05.05"]
[Round "10.7"]
[White "Reckers, Sebastian"]
[Black "Wolff, Michael"]
[Result "1/2-1/2"]
[WhiteElo "1853"]
[BlackElo "1842"]
[PlyCount "71"]
[EventDate "2018.10.28"]
[EventType "team-tourn"]
[EventRounds "11"]
[EventCountry "GER"]
[SourceTitle "EXT 2022"]
[Source "ChessBase"]
[SourceDate "2021.10.06"]
[SourceVersion "1"]
[SourceVersionDate "2021.10.06"]
[SourceQuality "1"]
[WhiteTeam "Euskirchen Turm"]
[BlackTeam "Koeln Ford SF"]
[WhiteTeamCountry "GER"]
[BlackTeamCountry "GER"]

1. e4 c5 2. Nf3 Nc6 3. d4 cxd4 4. Nxd4 Nf6 5. Nc3 e5 6. Ndb5 d6 7. Bg5 a6 8. Na3 b5 9. Nd5 Be7 10. Bxf6 Bxf6 11. c3 0-0 12. Nc2 Rb8 13. b4 Bg5 14. Nce3 Ne7 15. a4 Nxd5 16. Nxd5 f5 17. axb5 axb5 18. Ra5 fxe4 19. Bxb5 e3 20. fxe3 Bh4+ 21. g3 Rxb5 22. Rxb5 Qd7 23. gxh4 Qxb5 24. Ne7+ Kh8 25. Nxc8 Rxc8 26. Qxd6 h6 27. Kf2 Rxc3 28. Rd1 Rc2+ 29. Kg3 Rc8 30. Rd5 Qf1 31. Rxe5 Rf8 32. Qc6 Qf2+ 33. Kg4 Qe2+ 34. Kg3 Qf2+ 35. Kg4 Qe2+ 36. Kg3 1/2-1/2

[Event "Mittelrhein Verbandsliga Ost 1314"]
[Site "Mittelrhein"]
[Date "2014.01.19"]
[Round "6.8"]
[White "Reckers, Sebastian"]
[Black "Hornischer, Josef Gottfried"]
[Result "1-0"]
[WhiteElo "1792"]
[BlackElo "1574"]
[PlyCount "53"]
[EventDate "2013.09.15"]
[EventType "team-tourn"]
[EventRounds "11"]
[EventCountry "GER"]
[SourceTitle "EXT 2023"]
[Source "ChessBase"]
[SourceDate "2022.10.05"]
[SourceVersion "1"]
[SourceVersionDate "2022.10.05"]
[SourceQuality "1"]
[WhiteTeam "Euskirchen Turm"]
[BlackTeam "Godesberg IV"]
[WhiteTeamCountry "GER"]
[BlackTeamCountry "GER"]

1. e4 c6 2. d4 d5 3. Nc3 dxe4 4. Nxe4 Bf5 5. Ng3 Bg6 6. Nf3 Nd7 7. Bd3 Ngf6 8. 0-0 e6 9. Bg5 Be7 10. c4 0-0 11. Bxg6 hxg6 12. Re1 Re8 13. Qc2 a5 14. Rad1 Rc8 15. Ne5 Qb6 16. Ne2 Bb4 17. Bxf6 Nxf6 18. Nc3 Red8 19. a3 Bf8 20. c5 Qc7 21. Ne4 Rd5 22. Nc3 Rdd8 23. Nc4 Qf4 24. g3 Qg4 25. Ne5 Qh3 26. Ne4 Rd5 27. Ng5 1-0

[Event "Verbandsliga Mittelrhein-Ost 1213"]
[Site "Germany"]
[Date "2013.02.03"]
[Round "7.8"]
[White "Reckers, Sebastian"]
[Black "Bendisch, Juergen"]
[Result "1/2-1/2"]
[WhiteElo "1768"]
[BlackElo "1688"]
[PlyCount "87"]
[EventDate "2012.09.09"]
[EventType "team"]
[EventRounds "11"]
[EventCountry "GER"]
[SourceTitle "EXT 2015"]
[Source "ChessBase"]
[SourceDate "2014.11.20"]
[SourceVersion "1"]
[SourceVersionDate "2014.11.20"]
[SourceQuality "1"]
[WhiteTeam "Euskirchen Turm"]
[BlackTeam "Hennef"]
[WhiteTeamCountry "GER"]
[BlackTeamCountry "GER"]

1. e4 c5 2. Nf3 e6 3. d4 cxd4 4. Nxd4 a6 5. c4 Nf6 6. Nc3 Qc7 7. Bd3 b6 8. 0-0 Bb7 9. a3 Nc6 10. Nf3 Be7 11. b4 0-0 12. Re1 Ne5 13. Nxe5 Qxe5 14. Bb2 Qh5 15. f3 Bd6 16. g3 Be5 17. Na4 Bxb2 18. Nxb2 Qe5 19. Qe2 Rfd8 20. f4 Qd4+ 21. Qf2 Qxf2+ 22. Kxf2 d5 23. cxd5 exd5 24. e5 Nd7 25. Rac1 Rac8 26. Red1 h6 27. Na4 g6 28. Nc3 b5 29. Ne2 Nb6 30. Nd4 Nc4 31. e6 Kf8 32. Re1 Re8 33. exf7 Kxf7 34. f5 g5 35. Rxe8 Rxe8 36. Ne6 Re7 37. a4 Nd6 38. Nd8+ Kf6 39. Nxb7 Rxb7 40. Rc6 Ke5 41. Rxa6 bxa4 42. Rxa4 Nxf5 43. Bxf5 Kxf5 44. Kf3 1/2-1/2